Sports Quiz

Random Sports or NHL Quiz

2011-2012 NHL Daily Save Percentage Leaders Quiz Stats

 Plays Quiz not verified by Sporcle

Score 0/177 Timer 15:00
0 Plays Today
Date Goalie % Correct
Oct. 11, 2011Marc-Andre Fleury
99.7%
Oct. 25, 2011Marc-Andre Fleury
99.7%
Mar. 5, 2012Marc-Andre Fleury
99.7%
Oct. 13, 2011Jimmy Howard
99.2%
Nov. 11, 2011Jimmy Howard
99.2%
Dec. 31, 2011Jimmy Howard
99.2%
Jan. 16, 2012Jimmy Howard
99.2%
Apr. 4, 2012Jimmy Howard
99.2%
Oct. 18, 2011Henrik Lundqvist
98.7%
Nov. 26, 2011Henrik Lundqvist
98.7%
Dec. 11, 2011Henrik Lundqvist
98.7%
Dec. 20, 2011Henrik Lundqvist
98.7%
Dec. 26, 2011Henrik Lundqvist
98.7%
Jan. 17, 2012Henrik Lundqvist
98.7%
Feb. 1, 2012Henrik Lundqvist
98.7%
Feb. 14, 2012Henrik Lundqvist
98.7%
Feb. 27, 2012Henrik Lundqvist
98.7%
Nov. 5, 2011Tim Thomas
98.4%
Nov. 13, 2011Roberto Luongo
98.4%
Nov. 19, 2011Tim Thomas
98.4%
Nov. 21, 2011Tim Thomas
98.4%
Dec. 4. 2011Roberto Luongo
98.4%
Dec. 5, 2011Tim Thomas
98.4%
Dec. 14, 2011Tim Thomas
98.4%
Dec. 17, 2011Tim Thomas
98.4%
Dec. 19, 2011Roberto Luongo
98.4%
Jan. 4, 2012Roberto Luongo
98.4%
Feb. 13, 2012Roberto Luongo
98.4%
Feb. 15, 2012Roberto Luongo
98.4%
Mar. 26, 2012Roberto Luongo
98.4%
Apr. 1, 2012Tim Thomas
98.4%
Apr. 7, 2012Roberto Luongo
98.4%
Oct. 22, 2011Pekka Rinne
97.9%
Nov. 3, 2011Pekka Rinne
97.9%
Nov. 9, 2011Pekka Rinne
97.9%
Dec. 30, 2011Pekka Rinne
97.9%
Jan. 1, 2012Pekka Rinne
97.9%
Jan. 19, 2012Pekka Rinne
97.9%
Feb. 8, 2012Ryan Miller
97.9%
Feb. 29, 2012Ryan Miller
97.9%
Mar. 1, 2012Ryan Miller
97.9%
Mar. 3, 2012Pekka Rinne
97.9%
Mar. 21, 2012Ryan Miller
97.9%
Apr. 5, 2012Pekka Rinne
97.9%
Oct. 20, 2011Jonathan Quick
97.6%
Oct. 23, 2011Mike Smith
97.6%
Nov. 2, 2011Mike Smith
97.6%
Nov. 12, 2011Mike Smith
97.6%
Nov. 28, 2011Jonathan Quick
97.6%
Dec. 28, 2011Jonathan Quick
97.6%
Feb. 6, 2012Mike Smith
97.6%
Feb. 9, 2012Mike Smith
97.6%
Feb. 11, 2012Mike Smith
97.6%
Feb. 16, 2012Mike Smith
97.6%
Feb. 25, 2012Jonathan Quick
97.6%
Mar. 10, 2012Mike Smith
97.6%
Mar. 29, 2012Mike Smith
97.6%
Mar. 31, 2012Mike Smith
97.6%
Apr. 2, 2012Jonathan Quick
97.6%
Date Goalie % Correct
Apr. 3, 2012Mike Smith
97.6%
Apr. 6, 2012Mike Smith
97.6%
Oct. 28, 2011Cam Ward
97.4%
Jan. 20, 2012Cam Ward
97.4%
Feb. 2, 2012Cam Ward
97.4%
Mar. 7, 2012Cam Ward
97.4%
Mar. 15, 2012Cam Ward
97.4%
Mar. 27, 2012Cam Ward
97.4%
Dec. 13, 2011Tuukka Rask
97.1%
Dec. 23, 2011Tuukka Rask
97.1%
Jan. 5, 2012Tuukka Rask
97.1%
Mar. 6, 2012Martin Brodeur
97.1%
Nov. 4, 2011Carey Price
96.3%
Nov. 14, 2011Carey Price
96.3%
Nov. 16, 2011Carey Price
96.3%
Dec. 3, 2011Carey Price
96.3%
Jan. 25, 2012Carey Price
96.3%
Feb. 5, 2012Carey Price
96.3%
Oct. 14, 2011Jonas Hiller
95.8%
Oct. 16, 2011Jonas Hiller
95.8%
Nov. 30, 2011Jonas Hiller
95.8%
Jan. 3, 2012Jaroslav Halak
95.8%
Jan. 13, 2012Jonas Hiller
95.8%
Jan. 22, 2012Jonas Hiller
95.8%
Feb. 3, 2012Jaroslav Halak
95.8%
Feb. 12, 2012Jaroslav Halak
95.8%
Feb. 26, 2012Jonas Hiller
95.8%
Mar. 14, 2012Jonas Hiller
95.8%
Nov. 8, 2011Niklas Backstrom
95.5%
Nov. 17, 2011Niklas Backstrom
95.5%
Jan. 12, 2012Craig Anderson
95.5%
Feb. 19, 2012Niklas Backstrom
95.5%
Feb. 20, 2012Craig Anderson
95.5%
Oct. 7, 2011Kari Lehtonen
95.3%
Oct. 21, 2011Kari Lehtonen
95.3%
Jan. 24, 2012Kari Lehtonen
95.3%
Feb. 21, 2012Kari Lehtonen
95.3%
Mar. 13, 2012Kari Lehtonen
95.3%
Mar. 24, 2012Kari Lehtonen
95.3%
Mar. 16, 2012Corey Crawford
95%
Oct. 26, 2011Brian Elliott
94.7%
Nov. 7, 2011Antti Niemi
94.7%
Nov. 10, 2011Antti Niemi
94.7%
Nov. 23, 2011Antti Niemi
94.7%
Nov. 25, 2011Brian Elliott
94.7%
Nov. 27, 2011Brian Elliott
94.7%
Dec. 10, 2011Brian Elliott
94.7%
Jan. 31, 2012Antti Niemi
94.7%
Mar. 22, 2012Brian Elliott
94.7%
Nov. 29, 2011Miikka Kiprusoff
94.5%
Feb. 18, 2012Miikka Kiprusoff
94.5%
Oct. 10, 2011Semyon Varlamov
93.9%
Oct. 12, 2011Semyon Varlamov
93.9%
Jan. 2, 2012Semyon Varlamov
93.9%
Jan. 6, 2012Semyon Varlamov
93.9%
Feb. 17, 2012Semyon Varlamov
93.9%
Feb. 22, 2012Semyon Varlamov
93.9%
Feb. 24, 2012Semyon Varlamov
93.9%
Mar. 12, 2012Semyon Varlamov
93.9%
Date Goalie % Correct
Mar. 17, 2012Semyon Varlamov
93.9%
Mar. 30, 2012Semyon Varlamov
93.9%
Oct. 30, 2011Steve Mason
93.7%
Dec. 29, 2011Chris Mason
93.7%
Mar. 23, 2012Steve Mason
93.7%
Oct. 15, 2011Tomas Vokoun
93.1%
Dec. 7, 2011Tomas Vokoun
93.1%
Jan. 11, 2012Tomas Vokoun
93.1%
Jan. 15, 2012Tomas Vokoun
93.1%
Oct. 6, 2011James Reimer
92.9%
Oct. 19, 2011James Reimer
92.9%
Feb. 4, 2012James Reimer
92.9%
Mar. 4, 2012Ilya Bryzgalov
91.8%
Mar. 8, 2012Ilya Bryzgalov
91.8%
Oct. 17, 2011Ondrej Pavelec
91.3%
Oct. 31, 2011Ondrej Pavelec
91.3%
Dec. 1, 2011Ondrej Pavelec
91.3%
Dec. 6, 2011Ondrej Pavelec
91.3%
Dec. 22, 2011Ondrej Pavelec
91.3%
Dec. 27, 2011Ondrej Pavelec
91.3%
Jan. 21, 2012Evgeni Nabokov
90.8%
Feb. 7, 2012Evgeni Nabokov
90.8%
Mar. 28, 2012Cory Schneider
90.8%
Mar. 25, 2012Braden Holtby
88.1%
Oct. 27, 2011Nikolai Khabibulin
87.3%
Dec. 9, 2011Nikolai Khabibulin
87.3%
Dec. 21, 2011Sergei Bobrovsky
87.1%
Dec. 8, 2011Jose Theodore
85.8%
Dec. 18, 2011Jose Theodore
85.8%
Mar. 9, 2012Jose Theodore
85.8%
Mar. 11, 2012Jose Theodore
85.8%
Oct. 29, 2011Josh Harding
85%
Nov. 1, 2011Josh Harding
85%
Nov. 22, 2011Jonas Gustavsson
85%
Dec. 2, 2011Josh Harding
85%
Jan. 10, 2012Jonas Gustavsson
85%
Jan. 23, 2012Jonas Gustavsson
85%
Mar. 19, 2012Josh Harding
85%
Dec. 15, 2011Michal Neuvirth
84.2%
Jan. 18, 2012Michal Neuvirth
84.2%
Oct. 9, 2011Brent Johnson
82.8%
Feb. 23, 2012Devan Dubnyk
82.3%
Dec. 16, 2011Ray Emery
82.1%
Nov. 6, 2011Martin Biron
80.2%
Jan. 14, 2012Martin Biron
80.2%
Dec. 12, 2011Johan Hedberg
78.9%
Mar. 2, 2012Johan Hedberg
78.9%
Mar. 20, 2012Johan Hedberg
78.9%
Nov. 15, 2011Scott Clemmensen
75.2%
Jan. 9, 2012Scott Clemmensen
75.2%
Nov. 18, 2011Jhonas Enroth
73.9%
Nov. 20, 2011Thomas Greiss
65.4%
Mar. 18, 2012Anders Lindback
65.2%
Oct. 8, 2011Ty Conklin
63.6%
Jan. 8, 2012Ty Conklin
63.6%
Oct. 24, 2011Jacob Markstrom
63.1%
Feb. 28, 2012Robin Lehner
54.9%
Feb. 10, 2012Joey MacDonald
54.6%
Jan. 7, 2012Curtis Sanford
40.6%

You're not logged in!

Compare scores with friends on all Sporcle quizzes.
OR
Log In

Show Comments

Extras

Top Quizzes Today


Score Distribution

Your Account Isn't Verified!

In order to create a playlist on Sporcle, you need to verify the email address you used during registration. Go to your Sporcle Settings to finish the process.

Report this User

Report this user for behavior that violates our Community Guidelines.

Details: